000 01032nam a2200265 i 4500
003 DO-SdBNP
005 20250611073818.0
007 ta
008 210218b2020 dr ||||| |||| 00| 0 spa d
020 _a9789945621273
040 _aDO-SdBNP
_bspa
_cBNPHU
_erda
082 4 _b R426p
_222
110 1 _aRepública Dominicana.
_bMinisterio de Salud Pública
_980830
245 1 0 _aProcedimiento para la investigación de quejas y denuncias sobre la calidad de los servicios de salud /
_ccoordinación técnica y redacción, Francini Placencia ; cuidado de la edición, Dayanara Lara.
264 _aSanto Domingo :
_bMinisterio de Salud Pública
_c2020.
300 _a31 páginas :
_bilustraciones ;
_c26 cm.
336 _2rdacontent
_atexto
_btxt
337 _2rdamedia
_asin mediación
_bn
338 _2rdacarrier
_avolumen
_bnc
504 _aBibliografía : páginas 28
590 _aInventariado, 2021 /LP
700 1 _aPlacencia, Francini,
_ecoordinación
_977840
700 1 _aLara, Dayanara,
_eedición
_977841
942 _2ddc
_cLF2
999 _c49413
_d49413